| 000 | 00745nam a22002297a 4500 | ||
|---|---|---|---|
| 999 |
_c58730 _d58730 |
||
| 005 | 20221107101142.0 | ||
| 008 | 220708s2021en xxu||||| |||| 00| 0 eng d | ||
| 020 | _a9781292341132x | ||
| 041 | _aeng | ||
| 080 | _a339.138+65 K-77 | ||
| 100 |
_aKotler, Philip. _913099 |
||
| 245 |
_aPrinciples of marketing / _cPhilip Kotler, Gary Armstrong, Marc Oliver Opresnik. |
||
| 250 | _a 18th ed. | ||
| 264 |
_aHarlow: _bPearson, _c2021. |
||
| 300 |
_a728 str.: _bilustr. ; _c 28 cm. |
||
| 653 | _aPrinciples of marketing | ||
| 653 | _aმარკეტინგის პრინციპები | ||
| 653 | _aეკონომიკა | ||
| 700 |
_a Armstrong , Gary _914341 |
||
| 700 |
_aOpresnik, Marc Oliver _914342 |
||
| 942 |
_2udc _cBK |
||